Filme der 2000er nach Werbeslogans - Statistiken

Allgemein
  • Dieses Quiz wurde 53 mal gespielt
  • Das Durchschnittsergebnis liegt bei 5 aus 17
Antwortstatistiken
Jahr Slogan Film % Korrekt
2001 Ein Ring sie zu knechten Der Herr der Ringe: Die Gefährten
84%
2009 Bist du hart genug für Las Vegas? Hangover
65%
2007 Rattenscharf serviert. Ratatouille
65%
2003 Meer Spaß im Kino. Findet Nemo
51%
2004 Die Elf sind jetzt Zwölf Ocean's Twelve
49%
2006 Der coolste Job in New York ist im Vorzimmer der Hölle. Der Teufel trägt Prada
37%
2008 Superhelden werden nicht geboren, sie werden gemacht! Iron Man
26%
2002 Die wahre Story einer genialen Täuschung. Catch Me If You Can
23%
2001 7. Dezember 1941. Es geschah an einem Sonntagmorgen... Pearl Harbor
21%
2005 Sie wurden nicht in der Wildnis geboren. Sie sind ganz zufällig dort gelandet. Madagascar
14%
2009 Wir waren gewarnt 2012
12%
2003 Jedes Kind braucht einen Vater. Jeder Mensch braucht einen Traum. Jedes Land braucht eine Legende. Das Wunder von Bern
7%
2002 Coole Helden Ice Age
5%
2001 Das etwas andere MärSchen Shrek - Der tollkühne Held
5%
2000 Am Ende der Welt fängt seine Reise erst an. Cast Away - Verschollen
2%
2007 Er hat eine Menge Chaos im Gepäck Mr. Bean macht Ferien
2%
2001 Der Film für alle, die durchstarten, Biss zeigen und alles voll im Griff haben Bridget Jones - Schokolade zum Frühstück
0%
Keine übereinstimmenden Quizze gefunden
Verteilung der Resultate
Anzahl Personen mit jedem Resultat
Perzentil nach korrekt beantworteten Fragen
Ihre Resultats-Entwicklung
Sie haben dieses Quiz noch nicht gespielt